| 000 | 00995nmm a2200289 a 4500 | ||
|---|---|---|---|
| 001 | ocm000578714 | ||
| 003 | TR-IsHL | ||
| 005 | 20201028120937.0 | ||
| 008 | 130705s2010 tu tur | ||
| 007 | cr cn | ||
| 020 | _a9789750802812 | ||
| 035 |
_a578714 _b(N$T) |
||
| 050 | 0 | 4 |
_aPL248.K65 _bU9 2010 |
| 090 | 0 | 4 |
_aPL248.K65 _bU9 2010 |
| 100 | 1 | _aKökden, Uğur | |
| 245 | 1 | 0 |
_aUzun gecenin tutsakları: barış derneği cezaevi günlüğü 1982 _h[electronic resource] / _cUğur Kökden ; ed. Murat Yalçın |
| 250 | _a1 bs. | ||
| 260 |
_aİstanbul : _bYapı Kredi Kültür Sanat Yayıncılık, _c2010 |
||
| 300 | _a322 p. | ||
| 650 | 4 | _aDil ve Edebiyat | |
| 650 | 4 | _aLanguage and Literature | |
| 650 | 0 |
_aTürk edebiyatı _x Anılar |
|
| 650 | 0 |
_aTurkish literature _x Memories |
|
| 650 | 7 |
_aLITERARY COLLECTIONS / Middle Eastern _2bisacsh |
|
| 700 | 1 | _aYalçın, Murat | |
| 856 | 4 | 0 | _uhttp://search.ebscohost.com/login.aspx?direct=true&scope=site&db=e011xww&AN=578714 |
| 999 |
_c1057 _d1057 |
||